[Event "Southcoast Autumn F"]
[Site "Greve"]
[Date "1999.10.24"]
[Round "4"]
[White "Christiansen, Allan"]
[Black "Haakonson, Bjarne"]
[Result "1-0"]
[WhiteElo "1278"]
[BlackElo "1193"]
[PlyCount "41"]
[EventDate "1999.10.22"]
[EventType "tourn"]
[EventRounds "5"]
[EventCountry "DEN"]
[SourceTitle "EXT 2023"]
[Source "ChessBase"]
[SourceDate "2022.10.05"]
[SourceVersion "1"]
[SourceVersionDate "2022.10.05"]
[SourceQuality "1"]

1. e4 e5 2. f4 exf4 3. Nf3 d6 4. d4 Nf6 5. Nc3 Bg4 6. Bxf4 c6 7. Bc4 h6 8. 0-0 Nh5 9. Qd2 Be7 10. Rae1 Be6 11. d5 Bd7 12. e5 dxe5 13. Nxe5 cxd5 14. Nxd5 Be6 15. Bb5+ Nc6 16. Nxc6 bxc6 17. Bxc6+ Kf8 18. Bxa8 Bc5+ 19. Be3 Bxe3+ 20. Rxe3 Qxa8 21. Rxe6 1-0